STN EN 13823: 2011 (92 0213) [neplatná], Skúšky reakcie stavebných výrobkov na oheň. Stavebné výrobky okrem podlahových krytín, vystavené tepelnému pôsobeniu osamelo horiaceho predmetu

Táto norma je slovenskou verziou európskej normy EN 13823: 2010. Preklad zabezpečil Slovenský ústav technickej normalizácie. Má rovnaké postavenie ako majú oficiálne verzie

Bibliographic Details
Other Authors: Rástocký, Štefan (Translator)
Format: Book
Language:Slovak
English
PhysicalDescription:92 strán obrázky, tabuľky 30 cm
Published: Bratislava Slovenský ústav technickej normalizácie 2011
Subjects:

MARC

LEADER 00000oam a2200000 a 4500
001 vtls010309363
003 SK-MaSNL
005 20260301032026.0
008 130117s2011 xo a fru 000 0 slo
015 |a SNBN2013 
020 |c (cen. skup. 18) 
040 |a SNK  |b slo  |c SNK  |e AACR2 
041 1 |a slo  |h eng 
044 |a xo  |c SK 
046 |a m  |m 20110901 (účin.)  |n 20160901 (zruš.) 
072 7 |a 614.84  |x Požiare. Ochrana pred požiarmi  |2 konspekt 
072 7 |a 699.8  |x Ochrana budov  |2 konspekt 
080 |a 699.812  |2 2001 
080 |a 006.7/.8  |2 2001 
080 |a (437.6)  |2 2001 
080 |a (4)  |2 2001 
084 |a 13.220.50  |2 ICS 
084 |a 91.060.01  |2 ICS 
084 |a 91.100.01  |2 ICS 
130 0 |a STN 92 0213 (STN EN 13823) [neplatná]  |9 328578 
245 1 0 |a STN EN 13823: 2011 (92 0213) [neplatná], Skúšky reakcie stavebných výrobkov na oheň. Stavebné výrobky okrem podlahových krytín, vystavené tepelnému pôsobeniu osamelo horiaceho predmetu 
246 1 0 |a Skúšky reakcie stavebných výrobkov na oheň 
246 1 0 |a Stavebné výrobky okrem podlahových krytín, vystavené tepelnému pôsobeniu osamelo horiaceho predmetu 
246 3 0 |a EN 13823: 2010 E 
260 |a Bratislava  |b Slovenský ústav technickej normalizácie  |c 2011 
300 |a 92 strán  |b obrázky, tabuľky  |c 30 cm 
500 |a Súbežný názov v angličtine, francúzštine, nemčine 
500 |a Táto norma nahrádza anglickú verziu STN EN 13823 z januára 2011, ktorá od 1.1.2011 nahradila STN EN 13823 z mája 2004 v celom rozsahu 
500 |a Spracovateľ: Štefan Rástocký 
500 |a Norma je nahradená normou STN EN 1323+A1 z októbra 2015. Táto norma sa môže súbežne s platnou normou používať do 31.8.2016 
504 |a Citované normy, súvisiace právne predpisy na strane 2 ; literatúra na strane 92 
520 8 |a Táto norma je slovenskou verziou európskej normy EN 13823: 2010. Preklad zabezpečil Slovenský ústav technickej normalizácie. Má rovnaké postavenie ako majú oficiálne verzie 
540 |a STN vydané na akomkoľvek nosiči sa môžu rozmnožovať a rozširovať iba so súhlasom určenej právnickej osoby  |b SÚTN Bratislava  |c zákon 264/1999 Z.z. 
650 0 7 |a ohňovzdornosť budov  |2 SNKPH  |9 328579 
650 0 7 |a ochrana proti ohňu  |2 SNKPH  |9 328580 
650 0 7 |a protection of buildings  |2 SNKPHeng  |9 320893 
650 0 7 |a technické normy a štandardy  |z Slovensko  |2 SNKPH  |9 79594 
650 0 7 |a technické normy a štandardy  |z krajiny Európskej únie  |2 SNKPH  |9 289341 
655 7 |a normy  |2 SNKPH  |9 70643 
700 1 |a Rástocký, Štefan  |4 trl  |9 314728 
710 2 |a Slovenský ústav technickej normalizácie (Bratislava, Slovensko).  |b Technická komisia č. 17 Bezpečnosť a ochrana pred požiarom  |4 stn  |9 306760 
774 1 8 |t STN EN 13823: 2004  |d Bratislava: Slovenský ústav technickej normalizácie, 2004  |w vtls009923775 
852 |a Štátna vedecká knižnica v Banskej Bystrici 
958 |a OP 
958 |a NB 
999 |c 577696  |d 579626 
952 |a SNK  |b SNK  |y PREZ  |7 0  |p 17A0718103  |o snkSTN EN 13823  |i snk2011/19363  |8 0  |0 0  |1 0  |4 0  |d 2011-09-20  |l 0  |r 2026-02-23 14:38:58  |w 2026-02-23 
952 |a SNK  |b SNK  |y PREZ  |7 0  |p 17A0718102  |o snkSTN EN 13823 D1  |i snk2011/19364  |8 0  |0 0  |1 0  |4 0  |d 2011-09-20  |l 0  |r 2026-02-23 14:38:58  |w 2026-02-23